000
00300nam a22001337a 4500
020
_a
9788132102311
082
_a
070.4
100
_a
Tony Harcup
245
_a
Journalism principles and practice
250
_a
2nd ed.
260
_a
India
_b
Sage publication
_c
2011.
300
_a
244p
942
_c
BK
999
_c
2748
_d
2748